Advance Accounting / (Record no. 74447)
[ view plain ]
| 000 -LEADER | |
|---|---|
| fixed length control field | 00743nam a2200241 a 4500 |
| 001 - CONTROL NUMBER | |
| control field | 74447 |
| 003 - CONTROL NUMBER IDENTIFIER | |
| rucl marc code | BD-RjUL |
| 005 - DATE AND TIME OF LATEST TRANSACTION | |
| control field | 20211209082543.0 |
| 008 - FIXED-LENGTH DATA ELEMENTS--GENERAL INFORMATION | |
| fixed length control field | 180927s1941 a|||| b||| 001 0 eng d |
| 035 ## - SYSTEM CONTROL NUMBER | |
| System control number | (BD-RjUL) |
| 040 ## - CATALOGING SOURCE | |
| Original cataloging agency | BD-RjUL |
| Language of cataloging | eng |
| Transcribing agency | BD-RjUL |
| 041 ## - LANGUAGE CODE | |
| Language code of text/sound track or separate title | eng |
| 082 ## - DEWEY DECIMAL CLASSIFICATION NUMBER | |
| Edition number | 23 |
| Classification number | 657 |
| Author mark and year | NOA 1941 |
| 100 1# - MAIN ENTRY--PERSONAL NAME | |
| Personal name | S.Noble, Howard |
| 9 (RLIN) | 222967 |
| 245 10 - TITLE STATEMENT | |
| Title | Advance Accounting / |
| Statement of responsibility, etc. | Howard S.Noble , Wilbert E. Karrenbrock and Harry Simon |
| 260 ## - PUBLICATION, DISTRIBUTION, ETC. (IMPRINT) | |
| Place of publication, distribution, etc. | New York : |
| Name of publisher, distributor, etc. | South-Western pub , |
| Date of publication, distribution, etc. | c1941 |
| 300 ## - PHYSICAL DESCRIPTION | |
| Pagination | Xii ,846 p. : |
| Illustrations | ill. ; |
| Size | 22 cm |
| 504 ## - BIBLIOGRAPHY, ETC. NOTE | |
| Bibliography, etc | Includes bibliographical Reference and Index |
| 650 ## - SUBJECT ADDED ENTRY--TOPICAL TERM | |
| Topical term or geographic name as entry element | Accounting |
| 9 (RLIN) | 222968 |
| 700 ## - ADDED ENTRY--PERSONAL NAME | |
| Personal name | Karrenbrock, Wilbert E. jt |
| Personal name | Simon, Harry jt |
| 942 ## - ADDED ENTRY ELEMENTS (KOHA) | |
| Source of classification or shelving scheme | Dewey Decimal Classification |
| Koha item type | Books |
| Lost status | Source of classification or shelving scheme | Damaged status | Not for loan | Collection code | Permanent Location | Current Location | Shelving location | Date acquired | Source of acquisition | Total Checkouts | Full call number | Date last seen | Copy number | Koha item type |
|---|---|---|---|---|---|---|---|---|---|---|---|---|---|---|
| Dewey Decimal Classification | Not For Loan | Non-fiction | Central Library, University of Rajshahi | Central Library, University of Rajshahi | Reading Room | 12/03/1974 | Canadian Govt | 657 NOA 1941 | 27/09/2018 | C-1 | Books |